00770 2200253 4500001002100000005001700021008004100038035002400079040001200103041000800115082001400123090002000137100001800157245004200175260004400217300008200261500005500343600004100398650001300439990001600452990001600468990001600484990001600500YOGYA-0213000000010320130205091807.0 ind  0010-021300000000103 aYOPDYOG aInd aBR 231.73 aBR 231.73 Yen S aYENNE , Bill. a100 keajaiban alam duniacBill Yenne. aJakartabKarisma Publishing grupc[s.a] a...Volumeb30 cm [ seri sekilas mengetahui ] (4 eks) yang diterima vol 1 - 2. aDi brailekan oleh yayasan mitra netra Jakarta 2009 aBonifasius ; Sindyarta ; Thomas heru aMukjizat a009-BR/B.12 a010-BR/B.12 a011-BR/B.12 a012-BR/B.12